[Event "2.BLO 0607 SV Würzburg - USV TU Dresden"]
[Site "?"]
[Date "2006.10.15"]
[Round "1.3"]
[White "Wegener, Dirk"]
[Black "Seuffert, Gabriel"]
[Result "1/2-1/2"]
[WhiteElo "2352"]
[BlackElo "2352"]
[PlyCount "143"]
[EventDate "2006.??.??"]

1. e4 c5 2. Nf3 e6 3. d4 cxd4 4. Nxd4 Nc6 5. Nb5 d6 6. Bf4 e5 7. Be3 a6 8. N5c3
Nf6 9. Bc4 Be6 10. Nd5 Nxe4 11. Bb6 Qg5 12. O-O Bxd5 13. Qxd5 Qg6 14. a4 Nf6
15. Qd2 Be7 16. Ra3 Qe4 17. Rc3 Qh4 18. b3 O-O 19. Rh3 Qg4 20. Nc3 Bd8 21. Rg3
Qh4 22. Be3 Ng4 23. Rh3 Qe7 24. Nd5 Qd7 25. Rg3 Kh8 26. Bb6 f5 27. h3 Nf6 28.
Nxf6 Rxf6 29. Bxd8 Rxd8 30. Bd5 Ne7 31. f4 e4 32. Rd1 Nxd5 33. Qxd5 Qc6 34. c4
Rc8 35. Rc3 g6 36. Qd4 Qc5 37. Qxc5 Rxc5 38. Kf2 Kg7 39. Ke3 b5 40. axb5 axb5
41. b4 Rc7 42. c5 dxc5 43. Rxc5 Rfc6 44. Rdd5 Rxc5 45. bxc5 Kf6 46. Kd4 Re7 47.
Ke3 Ra7 48. Rd6+ Ke7 49. Rb6 Ra3+ 50. Kf2 Ra2+ 51. Kf1 Kd7 52. g4 Ra3 53. gxf5
gxf5 54. c6+ Kc7 55. Rxb5 Rf3+ 56. Ke2 Rxf4 57. Rc5 Rf3 58. h4 f4 59. Rc4 Re3+
60. Kf2 h5 61. Kf1 f3 62. Kf2 Re2+ 63. Kf1 e3 64. Rc3 Kb8 65. Rb3+ Kc8 66. Rd3
Kc7 67. Rc3 Kd8 68. Rd3+ Kc8 69. Rb3 Rd2 70. Ke1 Rc2 71. Kd1 Kc7 72. Rc3
1/2-1/2

[Event "2.BLO 0607 SV Würzburg - USV TU Dresden"]
[Site "?"]
[Date "2006.10.15"]
[Round "1.4"]
[White "Rupp, Markus"]
[Black "Seifert, Volker"]
[Result "1/2-1/2"]
[WhiteElo "2241"]
[BlackElo "2335"]
[PlyCount "101"]
[EventDate "2006.??.??"]

1. d4 Nf6 2. c4 e6 3. Bg5 h6 4. Bh4 Bb4+ 5. Nd2 b6 6. a3 Bxd2+ 7. Qxd2 Bb7 8.
f3 d5 9. e3 O-O 10. cxd5 exd5 11. Bd3 Re8 12. Ne2 c5 13. O-O Nbd7 14. Rac1 Qe7
15. Bf2 g6 16. Rfe1 Qf8 17. Nc3 a6 18. Bb1 Rac8 19. Rcd1 Qg7 20. h3 Rcd8 21. e4
dxe4 22. fxe4 Qf8 23. Qf4 Nh5 24. Qc7 Bc8 25. Nd5 Ng7 26. Nxb6 Ne6 27. Nxd7
Rxd7 28. Qg3 cxd4 29. Ba2 Qg7 30. e5 Bb7 31. Bxe6 fxe6 32. Rxd4 Rxd4 33. Bxd4
Rd8 34. Bc3 Rf8 35. Rd1 Qf7 36. Rd2 Bd5 37. Bd4 Qf1+ 38. Kh2 Kh7 39. Rf2 Rxf2
40. Bxf2 a5 41. b4 axb4 42. axb4 Bc6 43. Bc5 Qe2 44. Be3 Bxg2 45. Qxg2 Qxe3 46.
Qb7+ Kh8 47. Qc8+ Kh7 48. Qd7+ Kh8 49. Qe8+ Kh7 50. Qf7+ Kh8 51. Qf6+ 1/2-1/2

[Event "2.BLO 0607 SV Würzburg - USV TU Dresden"]
[Site "?"]
[Date "2006.10.15"]
[Round "1.5"]
[White "Hoffmann, Paul"]
[Black "Graef, Harald"]
[Result "1-0"]
[WhiteElo "2277"]
[BlackElo "2182"]
[PlyCount "77"]
[EventDate "2006.??.??"]

1. e4 e5 2. d4 exd4 3. Qxd4 Nc6 4. Qe3 Nf6 5. Bd2 Be7 6. Nc3 d5 7. exd5 Nxd5 8.
Nxd5 Qxd5 9. Bd3 Bf5 10. Bxf5 Qxf5 11. O-O-O O-O-O 12. Qh3 Qd7 13. Bc3 Bg5+ 14.
Kb1 Qxh3 15. Nxh3 Bh6 16. g4 f6 17. f4 g6 18. g5 Bg7 19. gxf6 Bh6 20. Ng5 Bxg5
21. fxg5 Rxd1+ 22. Rxd1 Rf8 23. Kc1 Rf7 24. h4 Nd8 25. Re1 Kd7 26. Kd2 Ne6 27.
Ke3 c6 28. b4 Nc7 29. Kd3 Nd5 30. Bd2 b5 31. c4 bxc4+ 32. Kxc4 a6 33. Kc5 Rf8
34. a4 Rb8 35. Re4 h6 36. Bf4 Rc8 37. Bd6 hxg5 38. Re7+ Kd8 39. f7 1-0

[Event "2.BLO 0607 SV Würzburg - USV TU Dresden"]
[Site "?"]
[Date "2006.10.15"]
[Round "1.6"]
[White "Zehnter, Sebastian"]
[Black "Loxine, Jakow"]
[Result "1/2-1/2"]
[WhiteElo "2083"]
[BlackElo "2301"]
[PlyCount "53"]
[EventDate "2006.??.??"]

1. b3 e5 2. Bb2 d6 3. g3 Nf6 4. Bg2 g6 5. c4 Bg7 6. Nc3 O-O 7. Nf3 Re8 8. O-O
c6 9. e4 Na6 10. h3 Nc5 11. Qc2 a5 12. Rfe1 Bd7 13. Rad1 Qc8 14. Kh2 Qc7 15. d4
exd4 16. Nxd4 Rad8 17. Re2 h6 18. Qd2 Bc8 19. Qe1 h5 20. f4 Nh7 21. Nf3 Qb6 22.
Nh4 Nf8 23. Qf2 Qc7 24. Qe1 Qe7 25. Ba3 Nfe6 26. Nf3 b6 27. Bb2 1/2-1/2

[Event "2.BLO 0607 SV Würzburg - USV TU Dresden"]
[Site "?"]
[Date "2006.10.15"]
[Round "1.7"]
[White "Baier, Silvio"]
[Black "Braeutigam, Thomas"]
[Result "1-0"]
[WhiteElo "2252"]
[BlackElo "2185"]
[PlyCount "95"]
[EventDate "2006.??.??"]

1. e4 e5 2. Nf3 Nc6 3. Bc4 Bc5 4. c3 Nf6 5. d3 O-O 6. O-O d6 7. Bb3 Bb6 8. Nbd2
Bg4 9. h3 Bh5 10. Re1 Qe7 11. Nf1 Nd8 12. Ng3 Bg6 13. Be3 Bxe3 14. Rxe3 Nd7 15.
Bc2 Ne6 16. d4 Nf4 17. Qd2 Rad8 18. Ree1 Qf6 19. Nh2 h5 20. Ne2 Ne6 21. Nf3
Rfe8 22. dxe5 dxe5 23. Qe3 Nb6 24. b3 Rd7 25. Rad1 Red8 26. Rxd7 Rxd7 27. Rd1
Rxd1+ 28. Bxd1 a6 29. Bc2 Nc8 30. h4 Nd6 31. Ng5 Nxg5 32. hxg5 Qe7 33. Bd3 Qd8
34. f3 Nb5 35. a4 Nd6 36. a5 Nc8 37. b4 Ne7 38. Kf2 Nc6 39. Nc1 Qd6 40. Nb3 Nd8
41. Bc4 Qe7 42. Nc5 Qd6 43. Qd3 Kf8 44. Qxd6+ cxd6 45. Nxb7 Nxb7 46. Bxa6 Nd8
47. Bb7 Ne6 48. a6 1-0

[Event "2.BLO 0607 SV Würzburg - USV TU Dresden"]
[Site "?"]
[Date "2006.10.15"]
[Round "1.8"]
[White "Kuhn, Norbert"]
[Black "Salzmann, Peter"]
[Result "0-1"]
[WhiteElo "2163"]
[BlackElo "2210"]
[PlyCount "68"]
[EventDate "2006.??.??"]

1. e4 c5 2. Nf3 Nc6 3. b4 Nxb4 4. c3 Nc6 5. d4 cxd4 6. cxd4 d5 7. exd5 Qxd5 8.
Nc3 Qa5 9. Bb2 e6 10. Bc4 Bb4 11. Rc1 Nf6 12. O-O O-O 13. Qe2 Ba3 14. Bxa3 Qxa3
15. Rfd1 h6 16. Ne5 Nxd4 17. Qe3 Nc6 18. Nxc6 bxc6 19. Bd3 Qe7 20. Ne4 Nxe4 21.
Qxe4 g6 22. Qf4 Qg5 23. Qc7 e5 24. Be4 Bg4 25. Re1 Rfc8 26. Qd6 Rd8 27. Qc5
Rac8 28. Qxa7 Rd4 29. h3 Bxh3 30. Bf3 Rf4 31. Qe3 e4 32. Bxe4 Re8 33. Qxh3
Rfxe4 34. Rxe4 Qxc1+ 0-1

[Event "2.BLO 0607 Erfurter SK - Lok Leipzig Mi"]
[Site "?"]
[Date "2006.10.15"]
[Round "1.1"]
[White "Wernert, Wilfrid"]
[Black "Votava, Jan"]
[Result "0-1"]
[WhiteElo "2353"]
[BlackElo "2555"]
[PlyCount "72"]
[EventDate "2006.??.??"]

1. e4 c5 2. c3 g6 3. d4 cxd4 4. cxd4 d5 5. exd5 Nf6 6. Nc3 Nxd5 7. Qb3 Nf6 8.
Bb5+ Bd7 9. Nf3 Bg7 10. Ne5 O-O 11. Nxd7 Nbxd7 12. O-O Nb6 13. Rd1 Qd6 14. Be2
Rad8 15. Bf3 Rd7 16. d5 Qb8 17. Be3 Nc8 18. Rac1 Nd6 19. Nb5 Nxb5 20. Qxb5 a6
21. Qb3 h5 22. h3 Ne8 23. Rc2 Nd6 24. Bb6 Rc8 25. Rdc1 Bh6 26. Rxc8+ Nxc8 27.
Rc2 Nxb6 28. Qxb6 Qe5 29. Qc5 Qe1+ 30. Kh2 Bf4+ 31. g3 Rc7 32. Qxc7 Bxc7 33.
Rxc7 Qxf2+ 34. Bg2 h4 35. Rc8+ Kg7 36. gxh4 Qxb2 0-1

[Event "2.BLO 0607 Erfurter SK - Lok Leipzig Mi"]
[Site "?"]
[Date "2006.10.15"]
[Round "1.2"]
[White "Haba, Petr"]
[Black "Spiess, Gunter"]
[Result "1/2-1/2"]
[WhiteElo "2514"]
[BlackElo "2403"]
[PlyCount "86"]
[EventDate "2006.??.??"]

1. e4 e6 2. d4 d5 3. e5 c5 4. c3 Nc6 5. Nf3 Bd7 6. dxc5 Bxc5 7. b4 Bb6 8. b5
Na5 9. Bd3 Ne7 10. O-O Ng6 11. Re1 O-O 12. a4 Rc8 13. Ra2 Nc4 14. Na3 Nxa3 15.
Bxa3 Bc5 16. Bc1 a6 17. bxa6 bxa6 18. Bxa6 Ra8 19. Bd3 Qa5 20. h4 Bxa4 21. Qe2
Qxc3 22. h5 Ne7 23. h6 g6 24. Be3 Bxe3 25. Qxe3 Nf5 26. Bxf5 Qxe3 27. fxe3 gxf5
28. Rea1 Bc6 29. Rxa8 Rxa8 30. Rxa8+ Bxa8 31. Ng5 Bc6 32. g3 Ba4 33. Kf2 Bd1
34. Ke1 Bh5 35. Kd2 Bg6 36. Kc3 Kf8 37. Kd4 Ke7 38. Nh3 f6 39. Nf4 Be8 40. Nd3
Bb5 41. Nf4 Be8 42. Nd3 Bb5 43. Nf4 Be8 1/2-1/2

[Event "2.BLO 0607 Erfurter SK - Lok Leipzig Mi"]
[Site "?"]
[Date "2006.10.15"]
[Round "1.3"]
[White "Schubert, Thomas"]
[Black "Kuczynski, Robert"]
[Result "0-1"]
[WhiteElo "2366"]
[BlackElo "2488"]
[PlyCount "106"]
[EventDate "2006.??.??"]

1. d4 d5 2. Nf3 c6 3. c4 Nf6 4. e3 Bg4 5. Nc3 e6 6. h3 Bh5 7. g4 Bg6 8. Ne5
Nbd7 9. Nxg6 hxg6 10. g5 Ne4 11. Nxe4 dxe4 12. Bg2 Qxg5 13. Bxe4 Nf6 14. Bf3
Qf5 15. Bg2 Bb4+ 16. Kf1 Be7 17. Qe2 Ne4 18. Qf3 Rh4 19. Qxf5 gxf5 20. Bxe4
fxe4 21. Bd2 O-O-O 22. Bc3 Bf6 23. Rc1 Rh5 24. Ke2 Rdh8 25. Rhg1 Rxh3 26. d5
Kd7 27. dxc6+ Kxc6 28. Bxf6 gxf6 29. Rg7 R3h7 30. Rcg1 Rxg7 31. Rxg7 Rf8 32.
Kd2 Rd8+ 33. Kc2 Rd7 34. Rg8 f5 35. Rf8 Kd6 36. b4 Ke5 37. Rc8 b6 38. a4 Kd6
39. Kc3 Rc7 40. Rb8 e5 41. Rh8 Ke6 42. Re8+ Re7 43. Rc8 f4 44. c5 bxc5 45. Rxc5
Rd7 46. Ra5 f3 47. Ra6+ Kf5 48. b5 Kg4 49. Rh6 f5 50. Rg6+ Kh3 51. Rg5 f4 52.
Rxe5 fxe3 53. fxe3 f2 0-1

[Event "2.BLO 0607 Erfurter SK - Lok Leipzig Mi"]
[Site "?"]
[Date "2006.10.15"]
[Round "1.4"]
[White "Machelett, Heiko"]
[Black "Boehnisch, Manfred"]
[Result "1-0"]
[WhiteElo "2424"]
[BlackElo "2378"]
[PlyCount "149"]
[EventDate "2006.??.??"]

1. d4 d5 2. c4 c6 3. Nf3 Nf6 4. e3 Bg4 5. Be2 e6 6. Nbd2 Nbd7 7. O-O Bd6 8. b3
O-O 9. Bb2 Qe7 10. Ne5 Bxe2 11. Qxe2 Ba3 12. Nxd7 Nxd7 13. Nf3 Bxb2 14. Qxb2 b5
15. cxb5 cxb5 16. Rac1 Rfc8 17. Rxc8+ Rxc8 18. Rc1 Qd8 19. h3 b4 20. a3 Rb8 21.
axb4 Rxb4 22. Rc6 Rb6 23. Qc2 Rxc6 24. Qxc6 Nf8 25. Ne5 f6 26. Nd3 Qb6 27. Qa4
a5 28. Nc5 Kf7 29. g3 Ke7 30. Kg2 h5 31. h4 Kf7 32. Qa1 Ke7 33. Qd1 g6 34. Qc2
Kd6 35. Qc3 Nd7 36. Na4 Qc7 37. Qd3 f5 38. Qa6+ Ke7 39. Qa8 Qc2 40. Qxa5 Qxb3
41. Nc5 Nxc5 42. Qxc5+ Kf7 43. Qc7+ Kf6 44. Qd8+ Kf7 45. Qd7+ Kf6 46. Qe8 Qb4
47. Kf3 Qd6 48. Qg8 f4 49. gxf4 Qb4 50. f5 exf5 51. Qxd5 Qe1 52. Kg2 Qd1 53.
Qf3 Qc2 54. Qf4 Qc6+ 55. Kh2 Qd5 56. Kg1 Qc6 57. Qb8 Qf3 58. Qg3 Qd1+ 59. Kh2
Kf7 60. Qf4 Qd2 61. Kg2 Qd3 62. Qc7+ Kf6 63. Qe5+ Kf7 64. d5 Qd1 65. Qd4 Qb1
66. d6 Qb7+ 67. Kg3 Ke6 68. d7 Qc7+ 69. Kf3 Qb7+ 70. Kf4 Qc7+ 71. Kg5 Qd8+ 72.
Kh6 g5 73. hxg5 h4 74. Qf6+ Kxd7 75. Qxd8+ 1-0

[Event "2.BLO 0607 Erfurter SK - Lok Leipzig Mi"]
[Site "?"]
[Date "2006.10.15"]
[Round "1.5"]
[White "Stettler, Michael"]
[Black "Enders, Peter"]
[Result "0-1"]
[WhiteElo "2276"]
[BlackElo "2432"]
[PlyCount "138"]
[EventDate "2006.??.??"]

1. d4 Nf6 2. c4 g6 3. Nc3 Bg7 4. e4 d6 5. Be2 O-O 6. Bg5 Na6 7. h4 e5 8. d5 h6
9. Be3 Nc5 10. Qc2 c6 11. h5 cxd5 12. cxd5 g5 13. f3 Bd7 14. b4 Na6 15. a3 Nc7
16. g4 b5 17. Nh3 a5 18. Qb2 Qb8 19. bxa5 Rxa5 20. Qb4 Ra8 21. Nf2 Na6 22. Qb2
b4 23. axb4 Qxb4 24. Qxb4 Nxb4 25. Kd2 Rfb8 26. Rxa8 Rxa8 27. Rb1 Na6 28. Rb6
Nc5 29. Rxd6 Nb3+ 30. Ke1 Ra1+ 31. Nfd1 Nd4 32. Bxd4 exd4 33. Nb5 Bf8 34. Rxf6
Bb4+ 35. Kf2 d3 36. Bxd3 Rxd1 37. Bc4 Rc1 38. Bd3 Rd1 39. Bc4 Rc1 40. Nd6 Ba4
41. Bb5 Be1+ 42. Ke2 Bc3 43. Rf5 Bd1+ 44. Kd3 f6 45. Ne8 Kf7 46. d6 Be5 47. d7
Bb3 48. Ke2 Rc2+ 49. Ke3 Rc3+ 50. Kf2 Rc2+ 51. Ke3 Rc3+ 52. Bd3 Ke7 53. Nxf6
Bf4+ 54. Kd4 Rc6 55. Nd5+ Bxd5 56. Rxd5 Bc7 57. e5 Bd8 58. Bb5 Rc1 59. Ke4 Rc3
60. Rd6 Rc5 61. Bc6 Bc7 62. Rxh6 Rxe5+ 63. Kd4 Re1 64. Rh8 Be5+ 65. Kd3 Bxh8
66. Kd2 Re6 67. Ba4 Bd4 68. Kd3 Bb6 69. Kc4 Rf6 0-1

[Event "2.BLO 0607 Erfurter SK - Lok Leipzig Mi"]
[Site "?"]
[Date "2006.10.15"]
[Round "1.6"]
[White "Casper, Thomas"]
[Black "Schultz, Andreas"]
[Result "1-0"]
[WhiteElo "2416"]
[BlackElo "2260"]
[PlyCount "89"]
[EventDate "2006.??.??"]

1. e4 e6 2. d4 d5 3. Nc3 Bb4 4. exd5 exd5 5. Bd3 Nc6 6. a3 Bxc3+ 7. bxc3 Nf6 8.
Ne2 O-O 9. O-O Re8 10. Ng3 Bg4 11. f3 Bd7 12. Bf4 Na5 13. Be5 c5 14. Qd2 c4 15.
Be2 Nc6 16. f4 Ng4 17. Bxg4 Bxg4 18. f5 f6 19. Qf4 fxe5 20. Qxg4 Kh8 21. Nh5
Rg8 22. Rae1 Qd6 23. dxe5 Nxe5 24. Qg3 Qc5+ 25. Kh1 Nd7 26. Nf4 h6 27. Qh4 Rae8
28. Ne6 Qe7 29. Qg3 Qf6 30. h3 Re7 31. Nd4 Rge8 32. Rxe7 Rxe7 33. Qc7 Ne5 34.
Qd8+ Kh7 35. Qxd5 Rd7 36. Qe6 Rd6 37. Qc8 Rb6 38. Ne6 h5 39. Nf8+ Kh6 40. Ne6
Kh7 41. Qe8 Nf7 42. Nf8+ Kh6 43. Nd7 Qd8 44. Qxf7 Rd6 45. Nc5 1-0

[Event "2.BLO 0607 Erfurter SK - Lok Leipzig Mi"]
[Site "?"]
[Date "2006.10.15"]
[Round "1.7"]
[White "Gempe, Thomas"]
[Black "Mueller, Matthias"]
[Result "1/2-1/2"]
[WhiteElo "2272"]
[BlackElo "2401"]
[PlyCount "35"]
[EventDate "2006.??.??"]

1. e4 e5 2. Nf3 Nc6 3. Bc4 Bc5 4. c3 Nf6 5. d4 exd4 6. O-O Nxe4 7. cxd4 d5 8.
dxc5 dxc4 9. Qxd8+ Kxd8 10. Rd1+ Bd7 11. Be3 Ke7 12. Na3 Be6 13. Rdc1 c3 14.
bxc3 a6 15. Nd4 Nxd4 16. cxd4 Rhd8 17. Re1 Kf8 18. Nc2 1/2-1/2

[Event "2.BLO 0607 Erfurter SK - Lok Leipzig Mi"]
[Site "?"]
[Date "2006.10.15"]
[Round "1.8"]
[White "Voekler, Bernd"]
[Black "Braun, Gottfried Dr"]
[Result "1-0"]
[WhiteElo "2369"]
[BlackElo "2297"]
[PlyCount "71"]
[EventDate "2006.??.??"]

1. e4 d5 2. exd5 Qxd5 3. Nc3 Qd6 4. g3 Nf6 5. Bg2 c6 6. Nge2 Bf5 7. b4 a6 8.
O-O e6 9. d3 Qc7 10. Rb1 Nbd7 11. a4 Bd6 12. b5 axb5 13. axb5 O-O 14. Bd2 h6
15. Nd4 Bg4 16. Qe1 c5 17. b6 Qb8 18. Ndb5 Be5 19. f4 Bxc3 20. Bxc3 Bf5 21. Be5
Nxe5 22. fxe5 Ne8 23. Qc3 f6 24. exf6 Rxf6 25. Qxc5 Rf7 26. Nd4 Nd6 27. Qe5 Rf6
28. g4 Bxg4 29. Rxf6 gxf6 30. Qg3 h5 31. Nxe6 Kh8 32. Qf4 Nf5 33. Qxb8+ Rxb8
34. h3 Be2 35. Re1 Ng3 36. Nf4 1-0